Il protagonista : Real maestranza, 1989, Caltanissetta : seconda raccolta di poesie /

Sparad:
Bibliografiska uppgifter
Huvudupphov: Riggio, Gaetano
Materialtyp: Bok
Språk:italienska
Utgiven: Caltanissetta : Krinon, stampa 1989
Serie:Athos ; 7
Taggar: Lägg till en tagg
Inga taggar, Lägg till första taggen!

MARC

LEADER 00000nam a22000007i 4500
001 IT\ICCU\CFI\0201250
003 ItRI
005 20240130191214.0
008 920510s1989 it |||||| ||||| |||||c
040 |b ita  |c GP 
041 7 |a ita  |2 ISO-639-2 
100 1 |a Riggio, Gaetano  |0 IT\ICCU\CFIV\085888 
245 1 3 |a Il protagonista :  |b Real maestranza, 1989, Caltanissetta : seconda raccolta di poesie /  |c Gaetano Riggio l'artigiano poeta presenta. 
260 |a Caltanissetta :  |b Krinon,  |c stampa 1989 
300 |a 61 p. :  |b ill. ;  |c 24 cm. 
830 0 |a Athos ;  |v 7  |0 IT\ICCU\CFI\0091325 
942 |2 ddc  |c BK 
952 |0 0  |1 0  |2 ddc  |4 0  |6 851_000000000000000_RIG  |7 1  |9 569  |a RM  |b RM  |d 2024-01-30  |l 0  |o 851 RIG  |p 66  |r 2024-01-30 19:12:37  |w 2024-01-30  |y BK 
981 1 |6 z01  |a i   |b xxxe  
982 1 |6 z01  |a n 
999 |c 506  |d 506